00322nam a2200109Ia 4500008004100000020001500041100002000056245005800076250001100134260005000145300001700195180205s9999 xx 000 0 und d a9813076402 aFreund, John E. aElementary business statistics :bthe modern approach a6th ed aNew jerseybPrentice hall internationalc1997 av, 953 pages